书目信息 |
| 题名: |
美国辐射环境监测体系及技术
|
|
| 作者: | 李宗明 主编 ;环境保护部 , 环境保护部 , 清华大学 编译 | |
| 分册: | ||
| 出版信息: | 北京 中国环境出版社 2013.06 |
|
| 页数: | 177页 | |
| 开本: | 26cm | |
| 丛书名: | ||
| 单 册: | ||
| 中图分类: | X837 | |
| 科图分类: | ||
| 主题词: | 辐射监测--环境监测--研究--美国 , 辐射监测 , 环境监测 | |
| 电子资源: | ||
| ISBN: | 978-7-5111-1276-7 | |
| 000 | 01203nam0 2200289 450 | |
| 001 | 5222 | |
| 005 | 20181014153605.41 | |
| 010 | @a978-7-5111-1276-7@dCNY100.00 | |
| 100 | @a20130924d2013 em y0chiy50 ea | |
| 101 | 0 | @achi |
| 102 | @aCN@b110000 | |
| 105 | @aa z 000yy | |
| 200 | 1 | @a美国辐射环境监测体系及技术@9mei guo fu she huan jing jian ce ti xi ji ji shu@f环境保护部核与辐射安全中心,核设施安全监管司,清华大学编译 |
| 210 | @a北京@c中国环境出版社@d2013.06 | |
| 215 | @a177页@c图@d26cm | |
| 314 | @a主编:李宗明 | |
| 330 | @a本书主要介绍了美国辐射环境监测体系的总体框架,并对美国辐射环境监测体系及相关技术发展做了全面的梳理,从相关法律法规、美国主要监测网、核电厂流出物监测、其他核设施流出物监测等八个方面,全面阐述了美国辐射环境监测体系及技术的历史发展进程及现状。 | |
| 606 | 0 | @a辐射监测@x环境监测@x研究@y美国 |
| 606 | 0 | @a辐射监测 |
| 606 | 0 | @a环境监测 |
| 690 | @aX837@v5 | |
| 701 | 0 | @a李宗明@9li zong ming@c(研究员)@4主编 |
| 712 | 02 | @a环境保护部@9huan jing bao hu bu@b核与辐射安全中心@4编译 |
| 712 | 02 | @a环境保护部@9huan jing bao hu bu@b核设施安全监管司@4编译 |
| 712 | 02 | @a清华大学@9qing hua da xue@4编译 |
| 801 | 0 | @aCN@b91MARC@c20130924 |
| 905 | @aMuseLib@dX837@e279 | |
| 美国辐射环境监测体系及技术/环境保护部核与辐射安全中心,核设施安全监管司,清华大学编译.-北京:中国环境出版社,2013.06 |
| 177页:图;26cm |
| ISBN 978-7-5111-1276-7:CNY100.00 |
| 本书主要介绍了美国辐射环境监测体系的总体框架,并对美国辐射环境监测体系及相关技术发展做了全面的梳理,从相关法律法规、美国主要监测网、核电厂流出物监测、其他核设施流出物监测等八个方面,全面阐述了美国辐射环境监测体系及技术的历史发展进程及现状。 |
| ● |
| 相关链接 |
|
|
|
|
正题名:美国辐射环境监测体系及技术
索取号:X837/279
 
预约/预借
| 序号 | 登录号 | 条形码 | 馆藏地/架位号 | 状态 | 备注 |
| 1 | 1128679 | 211286794 | 第二样本阅览室/ [索取号:X837/279] | 在馆 | |
| 2 | 1128680 | 211286801 | 第三借阅区/ [索取号:X837/279] | 在馆 | |
| 3 | 1128681 | 211286810 | 第三借阅区/ [索取号:X837/279] | 在馆 | |
| 4 | 1128682 | 211286829 | 第三借阅区/ [索取号:X837/279] | 在馆 | |
| 5 | 1128683 | 211286838 | 第三借阅区/ [索取号:X837/279] | 在馆 |